Geographic Groups of Two - Water - Statistics

General Stats
  • This quiz has been taken 76 times
  • The average score is 18 of 24
Answer Stats
Hint Answer % Correct
Longest rivers in China Yellow River
99%
Oceans that touch Australia Indian Ocean
97%
Oceans that touch Australia Pacific Ocean
97%
Longest rivers in China Yangtze River
94%
Longest rivers in the United Kingdom River Thames
93%
The two canals Panama Canal
90%
Major Mesopotamian rivers Euphrates River
89%
Largest lochs in Scotland by volume Loch Ness
89%
Longest tributaries of the Mississippi River Missouri River
89%
Major Mesopotamian rivers Tigris River
89%
Seas named for China South China Sea
88%
Inland seas of Israel Dead Sea
85%
The two canals Suez Canal
85%
Names of tributaries that form the Nile River {Blue} Nile
83%
Names of tributaries that form the Nile River {White} Nile
81%
Seas named for China East China Sea
76%
African Great Lakes that start with M Lake Malawi
75%
African Great Lakes that start with T Lake Tanganyika
64%
Inland seas of Israel Sea of Galilee
61%
Longest rivers in the United Kingdom River Severn
60%
Largest lochs in Scotland by volume Loch Lomond
54%
Longest tributaries of the Mississippi River Arkansas River
53%
African Great Lakes that start with T Lake Turkana
18%
African Great Lakes that start with M Lake Mweru
7%
No matching quizzes found
Score Distribution
Percent of People with Each Score
Percentile by Number Answered
Your Score History
You have not taken this quiz